|
|
|
|
| LEADER |
01235nam a22003017a 4500 |
| 001 |
32380 |
| 003 |
BD-DhAAL |
| 005 |
20250623114650.0 |
| 008 |
171204t2003 uc a|||| |||| 001 0 eng d |
| 020 |
|
|
|a 0471230715
|
| 040 |
|
|
|a BD-DhAAL
|d BD-DhAAL
|
| 082 |
|
|
|2 20
|a 658.40353
|
| 100 |
|
|
|a Gardner, Roy
|d 1947-
|9 22104
|
| 245 |
|
|
|a Games for business and economics /
|c Roy Gardner.
|
| 250 |
|
|
|a Second edition.
|
| 260 |
|
|
|a Hoboken, NJ :
|b John Wiley & Sons,
|c c2003.
|
| 300 |
|
|
|a xx, 434 pages :
|b illustrations ;
|c 23 cm.
|
| 500 |
|
|
|a Includes Indexes
|
| 526 |
|
|
|a AAL
|
| 541 |
|
|
|a Trim Education
|e 32380, 32381
|
| 650 |
|
|
|a Managerial economics.
|9 24161
|
| 650 |
|
|
|a Game theory.
|9 24162
|
| 650 |
|
|
|a Economics, Mathematical.
|9 24163
|
| 852 |
|
|
|a Ayesha Abed Library
|c General stacks
|
| 942 |
|
|
|2 ddc
|c BK
|
| 999 |
|
|
|c 38745
|d 38745
|
| 952 |
|
|
|0 0
|1 0
|2 ddc
|4 0
|6 658_403530000000000_GAR
|7 0
|9 62152
|a BRACUL
|b BRACUL
|c GEN
|d 2017-12-04
|e Trim Education
|l 2
|m 38
|o 658.40353 GAR
|p 3010032380
|q 2026-05-18
|r 2026-03-05
|s 2026-03-05
|t 1
|v 10599.00
|w 2017-12-04
|y BK
|
| 952 |
|
|
|0 0
|1 0
|2 ddc
|4 0
|6 658_403530000000000_GAR
|7 0
|9 62153
|a BRACUL
|b BRACUL
|c GEN
|d 2017-12-04
|e Trim Education
|l 1
|o 658.40353 GAR
|p 3010032381
|r 2018-05-07
|s 2018-03-20
|t 2
|v 10599.00
|w 2017-12-04
|y BK
|